Cantos de vida y esperanza /

Salvato in:
Dettagli Bibliografici
Autore principale: Darío, Rubén 1867-1916
Natura: Sconosciuto
Lingua:Spanish
Pubblicazione: Madrid, España : Espasa- Calpe, 1983.
Edizione:15. edición
Serie:Colección Austral número 118
Soggetti:
Tags: Aggiungi Tag
Nessun Tag, puoi essere il primo ad aggiungerne!!

MARC

LEADER 000000000a22000000004500
001 000897
008 131128s1983 sp ||||f |||| 000 pbspa d
040 |a cru CIICLA Universidad de Costa Rica 
041 0 |a español 
100 1 |a Darío, Rubén  |9 61  |d 1867-1916 
245 1 0 |a Cantos de vida y esperanza /  |c Rubén Darío 
250 |a 15. edición 
260 |a Madrid, España :  |b Espasa- Calpe,  |c 1983. 
300 |a 146, [2], páginas 
490 9 |a Colección Austral  |v número 118 
650 4 |a LITERATURA NICARAGUENSE  |9 54 
650 4 |a POESIA  |9 159 
942 |2 ddc  |c BK 
999 |c 1670  |d 1670